000
00289nam a2200121Ia 4500
008
191201s2007 xx 000 0 und d
100
_a
PAVIA, Donald
245
0
_a
Introduction to Spectroscopy
260
_a
N. Delhi
_b
Thomson
_c
2007
300
_a
579
650
_a
Applied
942
_2
ddc
_c
BK
999
_c
6628
_d
6628